Tunisia Football Team World Cup Starting XI - Statistics

General Stats
  • This quiz has been taken 207 times
    192 since last reset
  • The average score is 11 of 57
Answer Stats
Player % Correct
Wahbi Khazri
91%
Ellyes Skhiri
44%
Youssef Msakni
43%
Ferjani Sassi
41%
Ali Maâloul
35%
Mohamed Dräger
34%
Naïm Sliti
34%
Yassine Meriah
34%
Aimen Dahmen
33%
Dylan Bronn
33%
Hatem Trabelsi
33%
Ziad Jaziri
33%
Montassar Talbi
32%
Sami Trabelsi
32%
Aïssa Laïdouni
30%
Ali Abdi
30%
Issam Jebali
26%
Mehdi Ben Slimane
26%
Anis Ben Slimane
25%
Radhi Jaïdi
25%
Amor Jebali
24%
Fakhreddine Ben Youssef
23%
Ali Boumnijel
22%
Syam Ben Youssef
22%
Farouk Ben Mustapha
20%
Khaled Badra
18%
Riadh Bouazizi
17%
Tarak Dhiab
16%
Chokri El Ouaer
15%
Anice Badri
14%
Jawhar Mnari
14%
Zoubeir Baya
14%
Adel Sellimi
13%
Karim Haggui
13%
José Clayton
12%
Adel Chedli
10%
Mehdi Nafti
10%
Selim Benachour
10%
Anis Ayari
9%
Kaies Ghodhbane
9%
Mohamed Akid
9%
Skander Souayah
9%
Hamed Namouchi
8%
Hassen Gabsi
8%
Mokhtar Naili
8%
Néjib Ghommidh
8%
Sirajeddine Chihi
8%
Ali Kaabi
7%
Khaled Gasmi
6%
Khemais Labidi
6%
Mounir Boukadida
6%
Mourad Melki
6%
Témime Lahzami
6%
Ferid Chouchane
5%
Mokhtar Dhouieb
5%
Raouf Bouzaiene
5%
Mohamed Ben Rehaiem
3%
No matching quizzes found
Score Distribution
Percent of People with Each Score
Percentile by Number Answered
Your Score History
You have not taken this quiz since the last reset